00638nam a2200205Ia 450000500170000000800410001704000190005804100120007708200150008910000290010424500610013326000250019430000110021950400190023065000470024985000100029694200070030699900170031395201020033020230208123438.0131103s9999 xx 000 0 und d aLoreto College aEnglish a820.9bCOM aCompton- Rickett, Arthur 2aA history of english literaturecArthur Compton- Rickett aLondonbNelsonc1966 a696p.  aIncludes index aEnglish Literature - History and Criticism aLCLIB cBK c21061d71540 00102ddc4070aMAINbMAINd2013-11-04l0o820.9 COM 13167pB23128r2013-11-04w2013-11-04yBKf